000 00389nam a2200157Ia 4500
008 230917s9999||||xx |||||||||||||| ||und||
040 _e78377
_aMAIN
041 _aEnglish
082 _a342 T139L
100 _aTakwani (Thakker), C K
245 0 _aLectures on administrative law
250 _a3rd ed.
260 _aLucknow
_bEastern Book
_c1998
300 _alvi, 447 p.
942 _cBK
999 _c105451
_d105451